| 000 | 00966nam a22002417a 4500 | ||
|---|---|---|---|
| 003 | BPGM | ||
| 008 | 260618e1996 mx boc|g |||| 001 0 spa d | ||
| 020 | _a968-7377-25-9 | ||
| 040 | _bspa | ||
| 041 |
_aspa _hspa |
||
| 050 |
_a900 _b036 |
||
| 100 |
_aLANDAVERDE CHAVEZ, JESUS _eAUTOR |
||
| 245 | _aMUNICPIO DE TEQUISQUIAPAN | ||
| 250 |
_aPRIMERA EDICION _b1996 |
||
| 260 |
_aMEXICO _bGOBIERNO DEL ESTADO DE QUERETARO _c1996 |
||
| 300 |
_a150 paginas _c21 cm x 13.6 cm |
||
| 336 |
_2rdacontent _atexto _btxt |
||
| 337 |
_2rdamedia _asin mediación _bn |
||
| 338 |
_2rdacarrier _avolumen _bnc |
||
| 505 | _aes una monografía histórica y cultural que forma parte de la colección Querétaro, visión de sus cronistas. Publicado en los años 90, ofrece un panorama integral sobre la fundación, desarrollo, tradiciones y transformación turística de Tequisquiapan, hoy reconocido como Pueblo Mágico. | ||
| 650 | _2GEOGRAFÍA E HISTORIA | ||
| 942 |
_2ddc _cCOLQ |
||
| 999 |
_c68632 _d68632 |
||